Catholic University of Zimbabwe Library
Online Public Access Catalogue
(OPAC)

Fighting bribery in public procurement in asia and the pacific (Record no. 15304)

MARC details
000 -LEADER
fixed length control field nam a22 7a 4500
005 - DATE AND TIME OF LATEST TRANSACTION
control field 20200721100518.0
008 - FIXED-LENGTH DATA ELEMENTS--GENERAL INFORMATION
fixed length control field 200721b xxu||||| |||| 00| 0 eng d
040 ## - CATALOGING SOURCE
Transcribing agency y7eykw
050 ## - LIBRARY OF CONGRESS CALL NUMBER
Classification number HV6771.A78F54
245 ## - TITLE STATEMENT
Title Fighting bribery in public procurement in asia and the pacific
260 ## - PUBLICATION, DISTRIBUTION, ETC.
Place of publication, distribution, etc. Asia
Name of publisher, distributor, etc. Asia Development bank
Date of publication, distribution, etc. 2008
300 ## - PHYSICAL DESCRIPTION
Extent 246,p.
942 ## - ADDED ENTRY ELEMENTS (KOHA)
Source of classification or shelving scheme
Koha item type OS Book
Classification part HV6771.A78F54
Holdings
Withdrawn status Lost status Source of classification or shelving scheme Damaged status Not for loan Home library Current library Shelving location Date acquired Source of acquisition Cost, normal purchase price Inventory number Total Checkouts Full call number Barcode Date last seen Copy number Cost, replacement price Price effective from Koha item type
          CUZ Harare Campus CUZ Harare Campus Open Shelf 21.07.2020 Donation 15.00 CU14083   HV6771.A78F54 BK008651 22.05.2025 1 15.00 10.03.2020 OS Book

OPENING HOURS

Weekdays: 0815hrs - 1800hrs
Weekends:0900hrs - 1200hrs

Closed for Mass:

Mon, Thur: 1200hrs - 1300hrs
Sunday & Public Holiday’s

CALL SUPPORT

0242-570570, 0242-570169
09200664, +263 8644140602

LOCATION

18443, Cranborne Avenue, Hatfield, Harare

Other Links


©2021 | CUZ Library